Minecraft Mobs: Evoker - Statistics

General Stats
  • This quiz has been taken 8 times
  • The average score is 7 of 10
Answer Stats
Question Answer % Correct
What mob can an evoker summon? Vex
100%
How many health points does an evoker have? 24
86%
What other item can an evoker drop when killed? Emerald
86%
What event can an evoker spawn during? Raid
86%
What color can an evoker change a blue sheep to? Red
86%
What item does an evoker always drop when killed? Totem of Undying
86%
What structure generates with evokers? Woodland Mansion
86%
What is an evoker's width in blocks? 0.6
57%
What is an evoker's height in blocks? 1.95
29%
What mob is an evoker scared of? Creaking
29%
No matching quizzes found
Score Distribution
Percent of People with Each Score
Percentile by Number Answered
Your Score History
You have not taken this quiz